• 首页
  • 本馆介绍
  • 公告通知
  • 最新文献
  • 馆藏检索
  • 电子资源
  • 读者导购
  • 参考咨询
  • 我的图书馆
  • 登录
  • 详细信息显示
  • 放入我的书架
  • 预约/预借图书
  • 作者相关作品
  • 分类相关作品
  • 丛书相关作品
  • 出版社相关作品

书目信息

  • 表格格式
  • 工作单格式
  • 卡片格式
题名:
推进剂与烟火
    
 
作者: 谢兴华, , 颜事龙 主编
分册:  
出版信息: 合肥   中国科学技术大学出版社  2012.03
页数: 380页
开本: 26cm
丛书名:
单 册:
中图分类: TQ567 , V51 , TQ
科图分类:
主题词: 推进剂--tui jin ji , 烟火剂--yan huo ji , 化学工业
电子资源:
ISBN: 978-7-312-02766-6
000 01513nam0 2200325 450
001 2370794646
005 20231211194032.35
010    @a978-7-312-02766-6@d50.00CNY
100    @a20231107d2012 em y0chiy50 ea
101 0  @achi
102    @aCN@b340000
105    @aak a 000yy
200 1  @a推进剂与烟火@Atui jin ji yu yan huo@d= Propellants and pyrotechnics@f谢兴华, 颜事龙主编@zeng
210    @a合肥@c中国科学技术大学出版社@d2012.03
215    @a380页@c图@d26cm
300    @a普通高等学校规划教材
314    @a谢兴华, 男, 1963年8月生, 湖南衡阳人, 致公党淮南市委会委员, 博士, 三级教授, 安徽省高校首批学科带头人培养对象, 科技部国际合作专家、中国工程爆破协会爆炸加工专家、安徽省综合评标专家和安徽省质量技术监督局专家。颜事龙, 教授, 博士, 博士生导师, 现任安徽理工大学校长。安徽省高等学校学科拔尖人才、中国工程爆破协会副理事长、中国工程爆破专业委员会委员、中国民用爆破器材学会副主任委员、中国煤炭学会科普专业委员会委员等。
320    @a有书目 (第377-380页)
330    @a本书共包含19章内容, 分为两大部分, 第一部分包括第1章至第8章, 主要内容涉及烟火学的基础理论和实际应用; 第二部分包括第9章至第19章, 内容涵盖了推进剂的理论计算、方案设计和实际应用。
510 1  @aPropellants and pyrotechnics@zeng
606 0  @a推进剂@Atui jin ji
606  0 @a烟火剂@Ayan huo ji
606 0  @a化学工业
690    @aTQ567@v5
690    @aV51@v5
690    @aTQ@v4
701  0 @a谢兴华,@Axie xing hua@f1963-@4主编
701  0 @a颜事龙@Ayan shi long@4主编
801  0 @aCN@b湖北三新@c20231107
905    @aBZT@dTQ@e2
    
    推进剂与烟火= Propellants and pyrotechnics/谢兴华, 颜事龙主编.-合肥:中国科学技术大学出版社,2012.03
    380页:图;26cm
    普通高等学校规划教材
    
    ISBN 978-7-312-02766-6:50.00CNY
    本书共包含19章内容, 分为两大部分, 第一部分包括第1章至第8章, 主要内容涉及烟火学的基础理论和实际应用; 第二部分包括第9章至第19章, 内容涵盖了推进剂的理论计算、方案设计和实际应用。
●
相关链接 在五车中查询图书 在当当中查询图书 在豆瓣中查询图书


正题名:推进剂与烟火     索取号:TQ/2         预约/预借

序号 登录号 条形码 馆藏地/架位号 状态 备注
1 2001592086   2001592086   辽三/辽宁北配(第三批)/2029/ [索取号:TQ/2] 在馆    
2 2001592087   2001592087   辽三/辽宁北配(第三批)/2029/ [索取号:TQ/2] 在馆    
3 2001592088   2001592088   辽三/辽宁北配(第三批)/2029/ [索取号:TQ/2] 在馆    
4 2001592089   2001592089   辽三/辽宁北配(第三批)/2029/ [索取号:TQ/2] 在馆    
5 2001592090   2001592090   辽三/辽宁北配(第三批)/2029/ [索取号:TQ/2] 在馆    
6 2001592091   2001592091   辽三/辽宁北配(第三批)/2029/ [索取号:TQ/2] 在馆    
7 2001592092   2001592092   辽三/辽宁北配(第三批)/2029/ [索取号:TQ/2] 在馆    
8 2001592093   2001592093   辽三/辽宁北配(第三批)/2029/ [索取号:TQ/2] 在馆    
9 2001592094   2001592094   辽三/辽宁北配(第三批)/2029/ [索取号:TQ/2] 在馆    
10 2001592095   2001592095   辽三/辽宁北配(第三批)/2029/ [索取号:TQ/2] 在馆    
山东省滨州职业学院图书馆 欢迎您!
大连网信软件有限公司© 版权所有